[Event "Scarborough CC-ch Reserves"]
[Site "Toronto"]
[Date "2012.05.17"]
[Round "9"]
[White "Kurkowski, Ken"]
[Black "Graham, John"]
[Result "1/2-1/2"]
[WhiteElo "1556"]
[BlackElo "1450"]
[PlyCount "80"]
[EventDate "2012.03.22"]
[EventType "swiss"]
[EventRounds "9"]
[EventCountry "CAN"]
[SourceTitle "EXT 2022"]
[Source "ChessBase"]
[SourceDate "2021.10.06"]
[SourceVersion "1"]
[SourceVersionDate "2021.10.06"]
[SourceQuality "1"]

1. d4 c5 2. d5 d6 3. c4 Bd7 4. Nc3 Nf6 5. e4 e5 6. Be2 Be7 7. f4 0-0 8. Nf3 Qc7 9. 0-0 a6 10. fxe5 dxe5 11. Bg5 Qd6 12. Qc2 h6 13. Bh4 Re8 14. Bg3 Ng4 15. Qd2 Bd8 16. h3 Nf6 17. Nh4 Nc6 18. Nf5 Bxf5 19. Rxf5 Nd4 20. Rf2 Ba5 21. Raf1 Bxc3 22. bxc3 Nxe4 23. Qe3 Nxe2+ 24. Rxe2 Nxg3 25. Qxg3 f6 26. Ref2 Kh8 27. Qg6 Rf8 28. Rf3 Ra7 29. Qf5 Re8 30. Qg6 Rf8 31. Rg3 b5 32. cxb5 axb5 33. Rb1 Qxd5 34. Rxb5 Qc4 35. Ra5 Raf7 36. a4 Qd5 37. Ra6 Qd2 38. Rc6 e4 39. Re6 Qg5 40. Qxg5 hxg5 1/2-1/2

[Event "Scarborough CC-ch Reserves"]
[Site "Toronto"]
[Date "2012.03.22"]
[Round "1"]
[White "Graham, John"]
[Black "Termeer, Ted"]
[Result "0-1"]
[WhiteElo "1450"]
[BlackElo "1343"]
[PlyCount "84"]
[EventDate "2012.03.22"]
[EventType "swiss"]
[EventRounds "9"]
[EventCountry "CAN"]
[SourceTitle "EXT 2022"]
[Source "ChessBase"]
[SourceDate "2021.10.06"]
[SourceVersion "1"]
[SourceVersionDate "2021.10.06"]
[SourceQuality "1"]

1. d4 Nf6 2. Nc3 d5 3. Nf3 Nc6 4. h3 e6 5. Bf4 Bd6 6. Bxd6 Qxd6 7. e3 a6 8. a3 Bd7 9. Bd3 0-0 10. 0-0 Rfe8 11. Ne2 e5 12. dxe5 Nxe5 13. Nxe5 Qxe5 14. c3 c6 15. Ng3 Rad8 16. Qc2 g6 17. Rad1 Qc7 18. Rfe1 Re7 19. c4 Rde8 20. cxd5 Nxd5 21. Be2 Nxe3 22. fxe3 Qxg3 23. Bf3 Bxh3 24. Qf2 Qxf2+ 25. Kxf2 Bc8 26. Rd4 f5 27. Bd1 Be6 28. Bc2 Bd5 29. Rf4 Rd8 30. Rd1 Rde8 31. Re1 Be4 32. Bb3+ Kh8 33. g4 Rd8 34. gxf5 gxf5 35. Rg1 Rd2+ 36. Ke1 Rg2 37. Rff1 Rxg1 38. Rxg1 Rg7 39. Rf1 h5 40. Kd2 h4 41. Kc3 h3 42. Rd1 h2 0-1

[Event "Scarborough CC Winter End U1800"]
[Site "Toronto"]
[Date "2012.03.08"]
[Round "4"]
[White "Verde, Pino"]
[Black "Graham, John"]
[Result "0-1"]
[WhiteElo "1607"]
[BlackElo "1446"]
[PlyCount "76"]
[EventDate "2012.02.16"]
[EventType "swiss"]
[EventRounds "5"]
[EventCountry "CAN"]
[SourceTitle "EXT 2022"]
[Source "ChessBase"]
[SourceDate "2021.10.06"]
[SourceVersion "1"]
[SourceVersionDate "2021.10.06"]
[SourceQuality "1"]

1. g3 Nf6 2. Bg2 Nc6 3. c4 e6 4. Nc3 Be7 5. e3 0-0 6. Nh3 d5 7. cxd5 exd5 8. Nf4 d4 9. Ncd5 Nxd5 10. Nxd5 Bc5 11. Qh5 Bd6 12. Be4 f5 13. Bc2 Nb4 14. Nxb4 Bxb4 15. Bb3+ Kh8 16. Bf7 Qf6 17. Bb3 Be6 18. Bc2 Rae8 19. 0-0 Rd8 20. exd4 Rxd4 21. d3 Rg4 22. h3 Rg6 23. Bb3 Bxb3 24. axb3 a5 25. Qf3 b6 26. Rd1 Bc5 27. Ra4 Bb4 28. d4 f4 29. g4 h5 30. Kg2 hxg4 31. hxg4 Qg5 32. Rh1+ Kg8 33. Kf1 Qxg4 34. Qd5+ Qe6 35. Qxe6+ Rxe6 36. Kg2 f3+ 37. Kg3 Rg6+ 38. Kh3 Kf7 0-1

[Event "Scarborough CC Frost U1800"]
[Site "Toronto"]
[Date "2012.01.19"]
[Round "3"]
[White "Graham, John"]
[Black "Verde, Pino"]
[Result "0-1"]
[WhiteElo "1451"]
[BlackElo "1610"]
[PlyCount "106"]
[EventDate "2012.01.05"]
[EventType "swiss"]
[EventRounds "6"]
[EventCountry "CAN"]
[SourceTitle "EXT 2022"]
[Source "ChessBase"]
[SourceDate "2021.10.06"]
[SourceVersion "1"]
[SourceVersionDate "2021.10.06"]
[SourceQuality "1"]

1. e4 b6 2. Bc4 Bb7 3. d3 g6 4. Nf3 Bg7 5. Nc3 e6 6. 0-0 d6 7. Rb1 Nd7 8. Bd2 Ne7 9. Ng5 h6 10. Nf3 a6 11. Ne2 b5 12. Bb3 Nc5 13. Ba5 Nc6 14. Bc3 b4 15. Bxg7 Rh7 16. Bd4 Nxb3 17. axb3 e5 18. Be3 f5 19. Bd2 fxe4 20. dxe4 g5 21. g3 Qf6 22. Kg2 Rf7 23. Ne1 a5 24. c3 0-0-0 25. Ng1 Rdf8 26. Qe2 Ne7 27. Ra1 Nf5 28. Rxa5 bxc3 29. bxc3 g4 30. Ra7 Ne7 31. Qxg4+ Kb8 32. Be3 c5 33. Rxb7+ Kxb7 34. Qd7+ Kb8 35. Qb5+ Kc8 36. Nd3 Qg6 37. f3 Kc7 38. Ra1 Nc6 39. Ra6 Nb8 40. Qb6+ Kc8 41. Nxc5 Nxa6 42. Nxa6 Qf6 43. Qc6+ Kd8 44. Bb6+ Ke7 45. Nc7 Qg5 46. Qd5 Rf6 47. Qd3 Kf7 48. Nh3 Qc1 49. Be3 Qb2+ 50. Nf2 Kg7 51. Nd5 Rxf3 52. Bxh6+ Kxh6 53. Ne3 Qxf2+ 0-1

[Event "Scarborough CC Falling Leaves U1800"]
[Site "Toronto"]
[Date "2011.11.10"]
[Round "2"]
[White "Gillis, Doug"]
[Black "Graham, John"]
[Result "1/2-1/2"]
[WhiteElo "1617"]
[BlackElo "1417"]
[PlyCount "89"]
[EventDate "2011.11.03"]
[EventType "swiss"]
[EventRounds "7"]
[EventCountry "CAN"]
[SourceTitle "EXT 2022"]
[Source "ChessBase"]
[SourceDate "2021.10.06"]
[SourceVersion "1"]
[SourceVersionDate "2021.10.06"]
[SourceQuality "1"]

1. d4 Nf6 2. Nc3 e6 3. e4 Bb4 4. Qd3 0-0 5. e5 Nd5 6. a3 Ba5 7. Nge2 Nc6 8. Qg3 Kh8 9. Bd2 f6 10. 0-0-0 Nxc3 11. Bxc3 Bxc3 12. Nxc3 fxe5 13. dxe5 b6 14. Bb5 Bb7 15. Rd3 a6 16. Ba4 b5 17. Bb3 Qe7 18. Rhd1 Rad8 19. Kb1 Na5 20. Ba2 b4 21. axb4 Nc6 22. b5 axb5 23. Nxb5 Nb4 24. Rc3 Bc6 25. Nd4 Nxa2 26. Kxa2 Ra8+ 27. Kb1 Bd5 28. Rxc7 Rfb8 29. Nb3 Qd8 30. Rc3 Qb6 31. Qe3 Qa6 32. Rd4 Qf1+ 33. Qc1 Qxf2 34. Rf4 Qa7 35. Qf1 Bxb3 36. cxb3 Qa2+ 37. Kc2 Qa5 38. Rcc4 Qxe5 39. Ra4 Rc8+ 40. Kb1 Rab8 41. Rae4 Qc5 42. Rc4 Qe7 43. Rf7 Qd6 44. Rg4 Rg8 45. Rg3 1/2-1/2

[Event "Scarborough CC Howard Ridout U1800"]
[Site "Toronto"]
[Date "2011.09.15"]
[Round "2"]
[White "Graham, John"]
[Black "Aghamalian, Derick"]
[Result "1/2-1/2"]
[WhiteElo "1370"]
[BlackElo "1604"]
[PlyCount "98"]
[EventDate "2011.09.08"]
[EventType "swiss"]
[EventRounds "6"]
[EventCountry "CAN"]
[SourceTitle "EXT 2022"]
[Source "ChessBase"]
[SourceDate "2021.10.06"]
[SourceVersion "1"]
[SourceVersionDate "2021.10.06"]
[SourceQuality "1"]

1. e4 e6 2. d4 d5 3. e5 c5 4. c3 Nc6 5. Nf3 Qb6 6. Qb3 Qxb3 7. axb3 cxd4 8. cxd4 Bb4+ 9. Bd2 Bxd2+ 10. Nbxd2 Nge7 11. Bb5 Bd7 12. 0-0 0-0 13. Rfd1 a6 14. Be2 Nf5 15. Nb1 Rac8 16. Nc3 f6 17. Na4 fxe5 18. dxe5 Nfe7 19. Nc5 Rc7 20. Ng5 Nd8 21. Nxd7 Rxd7 22. Bg4 Nf5 23. Rac1 h6 24. Ne4 Re7 25. Ng3 Nxg3 26. hxg3 g6 27. Rc8 Nf7 28. Rxf8+ Kxf8 29. f4 h5 30. Bh3 Nd8 31. Rc1 Nc6 32. Kf2 Kf7 33. g4 hxg4 34. Bxg4 Nd4 35. Rc3 Nb5 36. Rh3 Kg7 37. Rg3 Kf7 38. Rh3 Nd4 39. Rh7+ Ke8 40. Rh3 Rc7 41. Rh8+ Ke7 42. Rh7+ Kd8 43. Rxc7 Kxc7 44. Ke3 Nf5+ 45. Kd3 Kc6 46. Bh3 Kc5 47. g4 Ne7 48. g5 Nf5 49. Bxf5 exf5 1/2-1/2

[Event "Scarborough CC Spring Into Summer U1700"]
[Site "Toronto"]
[Date "2011.06.16"]
[Round "7"]
[White "Graham, John"]
[Black "Guo, Tan"]
[Result "0-1"]
[WhiteElo "1402"]
[BlackElo "1538"]
[PlyCount "80"]
[EventDate "2011.04.28"]
[EventType "swiss"]
[EventRounds "9"]
[EventCountry "CAN"]
[SourceTitle "EXT 2022"]
[Source "ChessBase"]
[SourceDate "2021.10.06"]
[SourceVersion "1"]
[SourceVersionDate "2021.10.06"]
[SourceQuality "1"]

1. c4 e5 2. g3 Nf6 3. Bg2 d5 4. d3 c6 5. cxd5 cxd5 6. a3 Nc6 7. Nc3 Be6 8. Bg5 Be7 9. Nf3 h6 10. Bxf6 Bxf6 11. Nd2 0-0 12. 0-0 Qd7 13. Nb3 Be7 14. Rc1 Rac8 15. e3 Rfd8 16. d4 e4 17. Ne2 Bg4 18. Qd2 Bh3 19. Nc5 Bxc5 20. Rxc5 b6 21. Bxh3 Qxh3 22. Nf4 Qf5 23. Rc3 Na5 24. Rfc1 Nc4 25. Qc2 b5 26. b3 Nb6 27. Rc5 g5 28. Nh5 Rxc5 29. dxc5 Nd7 30. c6 Ne5 31. c7 Rc8 32. Qe2 Nf3+ 33. Kg2 Qg6 34. g4 Qd6 35. Ng3 Rxc7 36. Rxc7 Qxc7 37. Qxb5 Qc1 38. Nf1 Qd1 39. h3 Kg7 40. b4 Nh4+ 0-1

[Event "Scarborough CC-ch Reserves U1700"]
[Site "Toronto"]
[Date "2011.04.07"]
[Round "7"]
[White "Zhao, Harry"]
[Black "Graham, John"]
[Result "1-0"]
[WhiteElo "1469"]
[BlackElo "1429"]
[PlyCount "87"]
[EventDate "2011.02.24"]
[EventType "swiss"]
[EventRounds "9"]
[EventCountry "CAN"]
[SourceTitle "EXT 2022"]
[Source "ChessBase"]
[SourceDate "2021.10.06"]
[SourceVersion "1"]
[SourceVersionDate "2021.10.06"]
[SourceQuality "1"]

1. e4 e5 2. Bc4 Nf6 3. Nf3 d6 4. Ng5 Be6 5. Bxe6 fxe6 6. c3 Qe7 7. Qe2 h6 8. Nf3 Nbd7 9. d4 exd4 10. cxd4 d5 11. e5 Ne4 12. Nbd2 Ng5 13. h3 0-0-0 14. 0-0 c5 15. Nxg5 hxg5 16. dxc5 Nxc5 17. b3 Nd7 18. Bb2 g6 19. Rac1+ Kb8 20. Rc2 Bg7 21. Rfc1 Rc8 22. Rxc8+ Rxc8 23. Rxc8+ Kxc8 24. Nf3 Nf8 25. Qc2+ Kb8 26. Bc1 Bh6 27. h4 Qc7 28. Qxc7+ Kxc7 29. Bxg5 Bxg5 30. Nxg5 Kc6 31. Nf3 Kc5 32. a3 d4 33. Kf1 Kd5 34. Ke2 Nd7 35. g3 Nxe5 36. Nxe5 Kxe5 37. Kd3 Kd5 38. f4 b6 39. g4 a6 40. h5 g5 41. fxg5 e5 42. h6 e4+ 43. Kd2 Ke6 44. h7 1-0

[Event "Scarborough CC Falling Leaves U1700"]
[Site "Toronto"]
[Date "2010.11.25"]
[Round "5"]
[White "Yie, Kevin Yi Xiao"]
[Black "Graham, John"]
[Result "0-1"]
[WhiteElo "1263"]
[BlackElo "1485"]
[PlyCount "78"]
[EventDate "2010.10.28"]
[EventType "swiss"]
[EventRounds "7"]
[EventCountry "CAN"]
[SourceTitle "EXT 2022"]
[Source "ChessBase"]
[SourceDate "2021.10.06"]
[SourceVersion "1"]
[SourceVersionDate "2021.10.06"]
[SourceQuality "1"]

1. e4 e5 2. Nf3 Nc6 3. Bc4 d6 4. c3 h6 5. d3 Nf6 6. Nbd2 Be7 7. 0-0 0-0 8. Re1 Nd7 9. Nf1 Nb6 10. Bb3 Na5 11. Bc2 f5 12. exf5 Bxf5 13. Ng3 Bg4 14. Qe2 Bxf3 15. gxf3 Bg5 16. Bxg5 Qxg5 17. Qd1 Kh8 18. b4 Nc6 19. a4 Nd5 20. Bb3 Nce7 21. Kf1 Nf4 22. Re4 Ned5 23. Qd2 c6 24. c4 Qh4 25. cxd5 Qxh2 26. Rxf4 Rxf4 27. dxc6 bxc6 28. Ke2 Raf8 29. Qe3 Qg2 30. Ne4 Rxf3 31. Qxa7 d5 32. Bd1 dxe4 33. dxe4 Rxf2+ 34. Qxf2 Qxf2+ 35. Kd3 Qd4+ 36. Kc2 Qxa1 37. Kb3 Qc1 38. Bc2 Rf3+ 39. Ka2 Ra3# 0-1

[Event "Scarborough CC LH Summer op"]
[Site "Toronto"]
[Date "2010.06.17"]
[Round "7"]
[White "Graham, John"]
[Black "Stewart, Frankie"]
[Result "0-1"]
[WhiteElo "1483"]
[BlackElo "1794"]
[PlyCount "124"]
[EventDate "2010.04.29"]
[EventType "swiss"]
[EventRounds "8"]
[EventCountry "CAN"]
[SourceTitle "EXT 2022"]
[Source "ChessBase"]
[SourceDate "2021.10.06"]
[SourceVersion "1"]
[SourceVersionDate "2021.10.06"]
[SourceQuality "1"]

1. e4 e5 2. Nf3 Nf6 3. d3 Nc6 4. b3 Bc5 5. Bb2 d6 6. Be2 a5 7. 0-0 0-0 8. Nbd2 Qe7 9. Nc4 Nd4 10. Nxd4 exd4 11. Bf3 Nd7 12. a3 Ne5 13. Nd2 b5 14. g3 Qg5 15. Be2 Qg6 16. Nf3 Bh3 17. Nh4 Qe6 18. Ng2 Qd7 19. f4 Ng4 20. Bxg4 Bxg4 21. Qd2 f5 22. Qf2 fxe4 23. Bxd4 Bxd4 24. Qxd4 exd3 25. Qxd3 Bf5 26. Qd2 Qc6 27. Rf2 Rfe8 28. Ne3 Bh3 29. Qd5+ Qxd5 30. Nxd5 Rac8 31. Rc1 c6 32. Nc3 Re3 33. Ne2 c5 34. f5 Bg4 35. Nf4 Rf3 36. Rxf3 Bxf3 37. Re1 Kf7 38. h3 Re8 39. Rxe8 Kxe8 40. c3 b4 41. axb4 axb4 42. cxb4 cxb4 43. Nd3 Kd7 44. Nxb4 Be4 45. Kf2 Bxf5 46. h4 Be6 47. Nd3 Bxb3 48. Ke3 Bd1 49. Kf4 Ke7 50. g4 Ke6 51. Nb4 h6 52. Ke4 Bxg4 53. Kf4 Bd1 54. Nc6 Kf6 55. Nd4 Ba4 56. Ke4 Bd7 57. Kd5 Ke7 58. Ke4 Be6 59. Kf4 Kf6 60. Nf3 Bd5 61. Nd4 Bb7 62. Nf5 g5+ 0-1

[Event "Scarborough CC Falling Leaves U1700"]
[Site "Toronto"]
[Date "2009.11.26"]
[Round "4"]
[White "Graham, John"]
[Black "Walker, John"]
[Result "1-0"]
[WhiteElo "1407"]
[BlackElo "1476"]
[PlyCount "57"]
[EventDate "2009.11.05"]
[EventType "swiss"]
[EventRounds "7"]
[EventCountry "CAN"]
[SourceTitle "EXT 2011"]
[Source "ChessBase"]
[SourceDate "2010.11.26"]
[SourceVersion "1"]
[SourceVersionDate "2010.11.26"]
[SourceQuality "1"]

1. c4 e5 2. e3 d6 3. Nc3 Nf6 4. g3 Nbd7 5. Bg2 Be7 6. Nge2 0-0 7. d4 Re8 8. 0-0 Bf8 9. Qc2 g6 10. b3 Bg7 11. Bb2 c6 12. Rad1 Qc7 13. Rd2 Nf8 14. Ne4 Kh8 15. Nxf6 Bxf6 16. d5 c5 17. Kh1 Bf5 18. e4 Bg4 19. f3 Bd7 20. Nc3 a6 21. Ne2 Qc8 22. Ng1 b5 23. Rdf2 Rb8 24. f4 bxc4 25. bxc4 Qb7 26. Bc3 Re7 27. fxe5 Bxe5 28. Bxe5+ dxe5 29. d6 1-0

[Event "Scarborough CC-ch reserves U1700"]
[Site "Toronto"]
[Date "2009.04.09"]
[Round "7"]
[White "Graham, John"]
[Black "Walker, John"]
[Result "0-1"]
[WhiteElo "1478"]
[BlackElo "1256"]
[PlyCount "114"]
[EventDate "2009.02.26"]
[EventType "swiss"]
[EventRounds "9"]
[EventCountry "CAN"]
[SourceTitle "EXT 2011"]
[Source "ChessBase"]
[SourceDate "2010.11.26"]
[SourceVersion "1"]
[SourceVersionDate "2010.11.26"]
[SourceQuality "1"]

1. e4 e5 2. Nf3 d6 3. d4 Nf6 4. Nc3 Nbd7 5. dxe5 dxe5 6. a3 Be7 7. Bc4 0-0 8. 0-0 c6 9. b4 Qc7 10. Bb2 h6 11. Qe2 Re8 12. Rfe1 Nf8 13. Nd2 Ne6 14. Bxe6 Bxe6 15. Nd1 c5 16. bxc5 Bxc5 17. Kh1 Bd4 18. Bxd4 exd4 19. Nb3 Bxb3 20. cxb3 Rxe4 21. Qd2 Rxe1+ 22. Qxe1 Re8 23. Qf1 Qc2 24. f3 Qe2 25. Kg1 Qxf1+ 26. Kxf1 Nd5 27. Rc1 Ne3+ 28. Nxe3 Rxe3 29. Rc8+ Kh7 30. Rd8 Rxb3 31. Rxd4 Rxa3 32. Rb4 b6 33. Kf2 Kg6 34. Kg3 Rc3 35. Rd4 Rc6 36. h4 b5 37. h5+ Kh7 38. Rd7 b4 39. Rxa7 f6 40. Rb7 Rc4 41. Kh3 Kg8 42. g4 Rc3 43. Rxb4 Rxf3+ 44. Kg2 Re3 45. Rf4 Kf7 46. Rb4 Re7 47. Kf3 g6 48. Rb5 gxh5 49. Rxh5 Kg6 50. Kf4 Rf7 51. Rf5 Re7 52. Rh5 Re5 53. Rxe5 fxe5+ 54. Kxe5 Kg5 55. Ke4 Kxg4 56. Ke3 Kg3 57. Ke2 Kg2 0-1

[Event "Scarborough CC-ch reserves U1700"]
[Site "Toronto"]
[Date "2009.04.02"]
[Round "6"]
[White "Dattani, Dinesh"]
[Black "Graham, John"]
[Result "1/2-1/2"]
[WhiteElo "1374"]
[BlackElo "1497"]
[PlyCount "78"]
[EventDate "2009.02.26"]
[EventType "swiss"]
[EventRounds "9"]
[EventCountry "CAN"]
[SourceTitle "EXT 2011"]
[Source "ChessBase"]
[SourceDate "2010.11.26"]
[SourceVersion "1"]
[SourceVersionDate "2010.11.26"]
[SourceQuality "1"]

1. e4 e5 2. Nf3 Nc6 3. d4 d6 4. dxe5 dxe5 5. Qxd8+ Kxd8 6. Nc3 Bb4 7. Bd2 Nf6 8. Bc4 Be6 9. Bxe6 fxe6 10. 0-0-0 Ke7 11. Nb5 Bd6 12. Rhe1 a5 13. h3 h6 14. Nh4 Kf7 15. Bc3 Rhd8 16. Nf3 Ke7 17. Nd2 Rf8 18. Nc4 Ne8 19. f3 Bb4 20. Re3 Bxc3 21. Rxc3 Kf6 22. a3 Rf7 23. Rcd3 Ne7 24. Rd7 c6 25. Nc7 Nxc7 26. Rxc7 b5 27. Nd6 Rff8 28. Nb7 Rfc8 29. Rxc8 Nxc8 30. Rd8 Ra7 31. Nxa5 Rxa5 32. Rxc8 Ra6 33. Rc7 g6 34. Kd2 Kg5 35. g4 h5 36. gxh5 gxh5 37. Kc3 Kh4 38. Kb4 Ra4+ 39. Kb3 Kxh3 1/2-1/2

[Event "Scarborough CC Fall Swiss U1700"]
[Site "Toronto"]
[Date "2008.11.27"]
[Round "5"]
[White "Xia, Linda"]
[Black "Graham, John"]
[Result "0-1"]
[WhiteElo "1576"]
[BlackElo "1504"]
[PlyCount "76"]
[EventDate "2008.10.30"]
[EventType "swiss"]
[EventRounds "8"]
[EventCountry "CAN"]
[SourceTitle "EXT 2011"]
[Source "ChessBase"]
[SourceDate "2010.11.26"]
[SourceVersion "1"]
[SourceVersionDate "2010.11.26"]
[SourceQuality "1"]

1. d4 e6 2. c4 d5 3. Nc3 c6 4. Nf3 Nd7 5. e3 Ngf6 6. cxd5 exd5 7. Be2 Bd6 8. 0-0 0-0 9. b3 Re8 10. Bb2 Nf8 11. h3 Ng6 12. Re1 Bf5 13. Bd3 Qd7 14. Qc2 Bxh3 15. gxh3 Qxh3 16. Ne5 Nxe5 17. dxe5 Rxe5 18. Ne4 Rh5 19. Ng3 Rg5 20. Bf1 Qh4 21. Bxf6 Rxg3+ 22. fxg3 Qxf6 23. Qf2 Qg5 24. Kg2 Re8 25. Bd3 Re6 26. Rf1 Rf6 27. Qe1 Rxf1 28. Bxf1 h5 29. Be2 h4 30. g4 Qxe3 31. Bf3 h3+ 32. Kxh3 Qxf3+ 33. Kh4 Qf4 34. Qe8+ Kh7 35. Qxf7 Qxf7 36. Rf1 g5+ 37. Kxg5 Qg7+ 38. Kh4 Qh6# 0-1

[Event "Scarborough CC Fall Swiss U1700"]
[Site "Toronto"]
[Date "2008.11.06"]
[Round "2"]
[White "Graham, John"]
[Black "Philip, Andrew"]
[Result "1/2-1/2"]
[WhiteElo "1504"]
[BlackElo "1576"]
[PlyCount "88"]
[EventDate "2008.10.30"]
[EventType "swiss"]
[EventRounds "8"]
[EventCountry "CAN"]
[SourceTitle "EXT 2011"]
[Source "ChessBase"]
[SourceDate "2010.11.26"]
[SourceVersion "1"]
[SourceVersionDate "2010.11.26"]
[SourceQuality "1"]

1. e4 Nc6 2. Nf3 Nf6 3. Nc3 d5 4. exd5 Nxd5 5. Be2 Bf5 6. a3 e6 7. Nb5 Nb6 8. d3 a6 9. Nc3 Be7 10. Be3 Nd5 11. Nxd5 Qxd5 12. 0-0 0-0 13. c3 e5 14. Ng5 h6 15. c4 Qd7 16. Ne4 Nd4 17. f4 f6 18. Kh1 Rfd8 19. fxe5 Nxe2 20. Qxe2 fxe5 21. Rad1 Bg4 22. Qf2 Rf8 23. Qg3 Bxd1 24. Rxd1 Qf5 25. h3 Kh7 26. Nf2 Rad8 27. Ng4 Rxd3 28. Rxd3 Qxd3 29. Nxe5 Qb1+ 30. Bg1 Bc5 31. Nf3 Bxg1 32. Nxg1 Rf1 33. Qe3 Qxb2 34. Qd3+ Kg8 35. Qxf1 Qxa3 36. Nf3 Qc3 37. Qe2 Kf8 38. Qe6 Qc1+ 39. Kh2 Qf4+ 40. Kg1 a5 41. Qd5 a4 42. Ne5 Qe3+ 43. Kh2 Qf4+ 44. Kg1 Qe3+ 1/2-1/2

[Event "Scarborough CC-ch reserves"]
[Site "Toronto"]
[Date "2008.01.10"]
[Round "2"]
[White "Manalo, Pepin"]
[Black "Graham, John"]
[Result "1-0"]
[WhiteElo "1813"]
[BlackElo "1534"]
[PlyCount "79"]
[EventDate "2008.01.03"]
[EventType "swiss"]
[EventRounds "10"]
[EventCountry "CAN"]
[SourceTitle "EXT 2011"]
[Source "ChessBase"]
[SourceDate "2010.11.26"]
[SourceVersion "1"]
[SourceVersionDate "2010.11.26"]
[SourceQuality "1"]

1. e4 e5 2. Nf3 Nc6 3. Bb5 d6 4. h3 Bd7 5. Qe2 g6 6. a4 Bg7 7. Na3 Nge7 8. c3 0-0 9. Nc2 a6 10. Bc4 Be6 11. Bxe6 fxe6 12. d4 Qd7 13. 0-0 Rae8 14. b4 exd4 15. cxd4 a5 16. b5 Nd8 17. Bb2 c6 18. Ra3 d5 19. e5 Nf5 20. b6 Qe7 21. Bc3 c5 22. Bxa5 cxd4 23. Bb4 Qf7 24. Bxf8 Bxf8 25. Rd3 Nc6 26. g4 Ng7 27. Nfxd4 Nxd4 28. Nxd4 Qf4 29. Qe3 Qf7 30. Rc3 Re7 31. Rfc1 Ne8 32. Nb5 Rd7 33. Qd4 h5 34. Nc7 hxg4 35. hxg4 Be7 36. Kg2 Ng7 37. Rf3 Nf5 38. gxf5 gxf5 39. Rg3+ Kf8 40. Rh1 1-0

[Event "Scarborough CC Fall Swiss U1700"]
[Site "Toronto"]
[Date "2007.12.20"]
[Round "8"]
[White "Graham, John"]
[Black "Gillis, Doug"]
[Result "1/2-1/2"]
[WhiteElo "1534"]
[BlackElo "1541"]
[PlyCount "68"]
[EventDate "2007.11.01"]
[EventType "swiss"]
[EventRounds "8"]
[EventCountry "CAN"]
[SourceTitle "EXT 2022"]
[Source "ChessBase"]
[SourceDate "2021.10.06"]
[SourceVersion "1"]
[SourceVersionDate "2021.10.06"]
[SourceQuality "1"]

1. c4 e5 2. g3 d6 3. Bg2 Nf6 4. Nc3 Be7 5. d4 exd4 6. Qxd4 0-0 7. e3 Nc6 8. Qd2 Ne5 9. b3 c6 10. Bb2 Bf5 11. e4 Bg4 12. f3 Bc8 13. Nge2 Bh3 14. 0-0 Qb6+ 15. Rf2 Bxg2 16. Kxg2 Rfd8 17. Na4 Qc7 18. Qe3 Nfg4 19. fxg4 Nxg4 20. Qf4 Nxf2 21. Rf1 Qa5 22. Rxf2 Qh5 23. Qf5 Qg6 24. Nf4 Qxf5 25. exf5 Bg5 26. Nh5 g6 27. Bf6 Bxf6 28. Nxf6+ Kg7 29. fxg6 fxg6 30. Nc3 Rf8 31. Nce4 d5 32. cxd5 cxd5 33. Nxd5 Rxf2+ 34. Kxf2 Rc8 1/2-1/2